Á lódáil...
Revisualizing boundaries: A Plurilingual ethos /
| Príomhúdar: | |
|---|---|
| Formáid: | Printed Book |
| Teanga: | English |
| Foilsithe: |
1997.
|
| LEADER | 00403nam a2200109Ia 4500 | ||
|---|---|---|---|
| 008 | 121027s9999 xx 000 0 eng d | ||
| 082 | |a 306.44 |b KHU/R | ||
| 100 | |a Khubchandani, Lachman M | ||
| 245 | |a Revisualizing boundaries: A Plurilingual ethos / | ||
| 260 | |c 1997. | ||
| 999 | |c 68961 |d 68961 | ||
| 952 | |0 0 |1 0 |4 0 |6 306_440000000000000_KHU_R |7 0 |9 68938 |a UL |b UL |c ST2 |d 2012-10-27 |l 0 |o 306.44 KHU/R |p G7869 |r 2018-04-17 |w 2012-10-27 |y BK | ||